00581cam a22002411 4500001001300000003000400013005001700017008004100034010001700075035002000092040001800112042001200130043001200142050001700154100001800171245003500189260001000224300002300234500001400257650002900271651002200300999001700322sa 66002634 DLC20260227112231.0900103s1963 ii 000 0 hino  asa 66002634  a(OCoLC)20842808 aDLCcWaUdDLC apremarc aa-ii---00aPK1931b.D331 aDas, Govinda.10aHindī-bhāshā-āndolana. c1963. a16, 311 p.c23 cm. aIn Hindi. 0aHindi languagexHistory. 0aIndiaxLanguages. c68501d68501